[Event "It (open) \"]
[Site "masterchessopen.com Berlin (Germany)"]
[Round "0"]
[White "Raetsky Alexander (RUS)"]
[Black "Schneider Bernhard (GER)"]
[Result "1-0"]
[WhiteElo "2450"]
[BlackElo "2231"]

1.d4 Nf6 2.c4 g6 3.Nc3 Bg7 4.e4 d6 5.Be2 O-O 6.Bg5 h6 7.Be3 Nc6 8.Qd2 Kh7 9.d5
Ne5 10.h3 c6 11.f4 Ned7 12.O-O-O Qa5 13.Nf3 cxd5 14.exd5 Nc5 15.Nd4 e6 16.dxe6
Bxe6 17.Nxe6 Nxe6 18.Kb1 a6 19.Nd5 Qxd2 20.Nxf6+ Bxf6 21.Rxd2 Be7 22.Bf3 Rab8
23.g3 b6 24.Re1 Rfd8 25.a3 Kg7 26.h4 Kg8 27.Bf2 Bf8 28.h5 g5 29.Bd5 Ng7
30.fxg5 Nxh5 31.g6 Kh8 32.gxf7 Bg7 33.Rde2 Nf6 34.Re7 b5 35.Bd4 Nxd5 36.f8=Q+
Rxf8 37.Bxg7+ Kg8 38.cxd5 {#r} 1-0

[Event "It (open)"]
[Site "masterchessopen.com Bled (Slovenia)"]
[Round "8"]
[White "Farago Ivan (HUN)"]
[Black "Ciglic Boris (SLO)"]
[Result "1-0"]
[WhiteElo "2510"]
[BlackElo "2115"]

1.d4 g6 2.c4 Bg7 3.e4 d6 4.Nc3 Nf6 5.Be2 O-O 6.Bg5 h6 7.Be3 c5 8.e5 Nfd7
9.exd6 exd6 10.Nf3 Nc6 11.O-O cxd4 12.Nxd4 Nf6 13.Ndb5 Ne8 14.c5 d5 15.Qxd5
Qh4 16.Qc4 Qxc4 17.Bxc4 Nf6 18.h3 Bf5 19.Nd6 Ne5 20.Be2 Bd3 21.f4 {#r} 1-0

[Event "It"]
[Site "masterchessopen.com Budapest (Hungary)"]
[Round "6"]
[White "Lugovoi Aleksei (RUS)"]
[Black "Farago Sandor (HUN)"]
[Result "1-0"]
[WhiteElo "2465"]
[BlackElo "2360"]

1.d4 Nf6 2.c4 g6 3.Nc3 Bg7 4.e4 d6 5.Be2 O-O 6.Bg5 h6 7.Be3 e5 8.d5 Na6 9.h4
Nc5 10.Qc2 Nfxe4 11.Nxe4 Nxe4 12.Qxe4 Bf5 13.Qf3 e4 14.Qg3 Bxb2 15.Rd1 Bc3+
16.Bd2 Bxd2+ 17.Rxd2 Qf6 18.Qe3 Qa1+ 19.Bd1 b5 20.cxb5 Rfb8 21.Ne2 Rxb5 22.Nd4
Rxd5 23.O-O c5 24.Nxf5 Rxd2 25.Nxh6+ Kg7 26.Qxd2 Qe5 27.Ng4 Qd4 28.Qh6+ Kg8
29.Bb3 Qg7 30.Qf4 Rd8 31.Nh6+ Kh7 32.Nxf7 {#r} 1-0

[Event "It (cat.2)"]
[Site "masterchessopen.com Budapest (Hungary)"]
[Round "0"]
[White "Hoang Thanh Trang (HUN)"]
[Black "Kerek Krisztian (HUN)"]
[Result "1-0"]
[WhiteElo "2285"]
[BlackElo "2255"]

1.d4 Nf6 2.c4 g6 3.Nc3 Bg7 4.e4 d6 5.Be2 O-O 6.Bg5 h6 7.Be3 e5 8.d5 a5 9.Qd2
Kh7 10.h4 Na6 11.Bd1 Nc5 12.Bc2 Bd7 13.f3 Ne8 14.Nge2 Qe7 15.g3 b6 16.O-O-O a4
17.Rdg1 Ra5 18.f4 Nf6 19.f5 Ng4 20.Kb1 Rb8 21.Nc1 Nxe3 22.Qxe3 b5 23.cxb5 Bxb5
24.g4 Bh8 25.Rh2 Bc4 26.Bd1 Ra6 27.g5 h5 28.Bxh5 Rab6 29.Bd1 a3 30.b3 {#r} 1-0

[Event "Ch Catalunia (team)"]
[Site "masterchessopen.com Catalunia (Spain)"]
[Round "0"]
[White "Bordell Rosell Roman (ESP)"]
[Black "Ubach Miralda Marcelo (ESP)"]
[Result "1-0"]
[WhiteElo "2240"]
[BlackElo "2272"]

1.c4 Nf6 2.Nc3 g6 3.e4 d6 4.d4 Bg7 5.Be2 O-O 6.Bg5 h6 7.Be3 e5 8.d5 Nbd7 9.Qd2
Nc5 10.f3 a5 11.h4 h5 12.Nh3 Nh7 13.Ng5 f6 14.Nxh7 Kxh7 15.g4 f5 16.Bg5 Qe8
17.gxf5 gxf5 18.O-O-O f4 19.Nb5 Qf7 20.Rdg1 Bd7 21.Kb1 Rfc8 22.Bf1 Bf8 23.Qh2
c6 24.Nc3 Rab8 25.Bh3 b5 26.dxc6 Bxh3 27.Qxh3 bxc4 28.Nd5 Rxc6 29.Bf6 Qe6
30.Qg2 Qf7 31.Qg5 Rb7 32.Qf5+ Kh6 33.Bg5+ Kg7 34.Be7+ {#r} 1-0

[Event "It (open)"]
[Site "masterchessopen.com Ceske Budejovice (Czech Republic)"]
[Round "0"]
[White "Annageldyev Orazly (TKM)"]
[Black "Chytilek Roman (CZE)"]
[Result "0-1"]
[WhiteElo "2440"]
[BlackElo "2300"]

1.d4 Nf6 2.c4 g6 3.Nc3 Bg7 4.e4 d6 5.Be2 O-O 6.Bg5 h6 7.Be3 Nbd7 8.f3 c5 9.d5
Ne5 10.g4 e6 11.h3 exd5 12.cxd5 Re8 13.Qd2 a6 14.a4 Rb8 15.Kf1 Kh7 16.f4 Ned7
17.Bf3 b5 18.Qg2 b4 19.Nd1 Qe7 20.h4 Nxe4 21.Nh3 Nb6 22.h5 gxh5 23.g5 Bf5
24.gxh6 Bf6 25.Ng5+ Bxg5 26.Rxh5 Nxd5 27.Bxe4 Bxe4 28.Qxg5 Nxe3+ {#R} 0-1

[Event "It (open)"]
[Site "masterchessopen.com Erlangen (Germany)"]
[Round "5"]
[White "Knollmueller Peter"]
[Black "Schoenlein Martin"]
[Result "1-0"]
[WhiteElo "1970"]
[BlackElo "1890"]

1.d4 Nf6 2.c4 g6 3.Nc3 Bg7 4.e4 d6 5.Be2 O-O 6.Bg5 h6 7.Bf4 c5 8.d5 Nbd7 9.Qd2
Kh7 10.h4 h5 11.Nh3 Rh8 12.Ng5+ Kg8 13.Bg3 a6 14.f4 Nh7 15.Nf3 Nhf6 16.O-O Ng4
17.Rae1 f6 18.Bd3 Kh7 19.Qc2 Nf8 20.e5 f5 21.e6 Qe8 22.a3 Kg8 23.Re2 Nh7
24.Rb1 Nhf6 25.b4 b6 26.Ng5 Ra7 27.Nf7 Rh7 28.bxc5 bxc5 29.Rb6 Nh6 30.Ng5 Nfg4
31.Qb3 Ra8 32.Be1 Bf6 33.Nxh7 Kxh7 34.g3 Bd4+ 35.Kh1 Qh8 36.Nd1 {#r} 1-0

[Event "Ch France (team)"]
[Site "masterchessopen.com France"]
[Round "0"]
[White "Efimov Igor (MNC)"]
[Black "Chevaldonnet Francois (FRA)"]
[Result "1-0"]
[WhiteElo "2470"]
[BlackElo "2287"]

1.d4 Nf6 2.c4 g6 3.Nc3 Bg7 4.e4 d6 5.Be2 O-O 6.Bg5 h6 7.Be3 e5 8.d5 Nbd7 9.g4
Nc5 10.f3 a5 11.Qd2 Bd7 12.Nh3 Kh7 13.Nf2 Qe7 14.O-O-O a4 15.h4 Rfc8 16.Kb1
Ne8 17.Rc1 Ra6 18.Bd1 Rca8 19.Nd3 Ra5 20.Bc2 Qd8 21.Nxc5 dxc5 22.Qf2 b6 23.Bd3
Nd6 24.f4 Qe7 25.f5 gxf5 26.gxf5 Rg8 27.Rcg1 Raa8 28.Rxg7+ Rxg7 29.f6 Qf8
30.fxg7 {#r} 1-0

[Event "Bayern Landesliga South 1994/95"]
[Site "masterchessopen.com Germany"]
[Round "0"]
[White "Salvermoser Bernd (GER)"]
[Black "Schneider Richard (GER)"]
[Result "1-0"]
[WhiteElo "2299"]
[BlackElo "2182"]

1.d4 Nf6 2.c4 g6 3.Nc3 Bg7 4.e4 d6 5.Be2 O-O 6.Bg5 h6 7.Be3 e5 8.d5 c6 9.h4 b5
10.cxb5 cxd5 11.exd5 a6 12.b6 Nbd7 13.Qb3 Rb8 14.Na4 Ne8 15.Rc1 f5 16.f3 Kh8
17.Rc6 Bb7 18.Nh3 Qxh4+ 19.Nf2 Qd8 20.Nd3 Rc8 21.Nb4 a5 22.Ba6 Rb8 23.Bxb7
Rxb7 24.Na6 Ndf6 25.Qc4 Rff7 26.Rc8 Qe7 27.Nc7 Qd7 28.Ra8 Re7 29.Bxh6 e4
30.Bg5+ Kg8 31.f4 Kf7 32.Ne6 Nxd5 33.Nxg7 Kxg7 34.Bxe7 Nxe7 35.Qd4+ Nf6
36.Rah8 Kf7 37.b3 Neg8 38.R1h7+ {#r} 1-0

[Event "Oberliga North 1993/94"]
[Site "masterchessopen.com Germany"]
[Round "0"]
[White "Dinckel Joerg (GER)"]
[Black "Sobisch Reinhard (GER)"]
[Result "1-0"]
[WhiteElo "2025"]
[BlackElo "2085"]

1.d4 Nf6 2.c4 g6 3.Nc3 Bg7 4.e4 d6 5.Be2 O-O 6.Bg5 h6 7.Be3 c5 8.e5 Nfd7
9.exd6 exd6 10.d5 f5 11.Qd2 Kh7 12.h4 Na6 13.O-O-O Nc7 14.Nh3 a6 15.h5 g5
16.f4 g4 17.Ng5+ hxg5 18.fxg5 Be5 19.g6+ Kg8 20.Rdf1 b5 21.Bd3 Nb6 22.Bg5 Qe8
23.Bh6 Nxc4 24.Bxc4 bxc4 25.Bxf8 Qxf8 26.h6 Qf6 27.g7 Kh7 28.Ne4 Bxb2+ 29.Qxb2
Qxb2+ 30.Kxb2 fxe4 31.Rf8 c3+ 32.Kc1 {#r} 1-0

[Event "Oberliga Northwest 1994/95"]
[Site "masterchessopen.com Germany"]
[Round "0"]
[White "Gellrich Peter (GER)"]
[Black "Fehr Axel Dr (GER)"]
[Result "0-1"]
[WhiteElo "2202"]
[BlackElo "2163"]

1.d4 Nf6 2.c4 g6 3.Nc3 Bg7 4.e4 d6 5.Be2 O-O 6.Bg5 h6 7.Be3 c5 8.d5 e6 9.dxe6
Bxe6 10.Qd2 Kh7 11.O-O-O Nc6 12.h4 Qa5 13.h5 g5 14.Bxg5 Nd7 15.Be3 Nde5 16.Nf3
Nxc4 17.Bxc4 Bxc4 18.Qc2 Bxa2 19.e5+ Kh8 20.Rxd6 Be6 21.Rh4 Qa1+ 22.Nb1 Nb4
23.Qe4 c4 24.Rxe6 Nd3+ {#R} 0-1

[Event "Oberliga Southwest 1993/94"]
[Site "masterchessopen.com Germany"]
[Round "0"]
[White "Doncevic Dario (CRO)"]
[Black "Link Michael (GER)"]
[Result "0-1"]
[WhiteElo "2321"]
[BlackElo "1986"]

1.d4 Nf6 2.c4 g6 3.Nc3 Bg7 4.e4 d6 5.Be2 O-O 6.Bg5 h6 7.Be3 e5 8.d5 Na6 9.h4
Nc5 10.Qc2 c6 11.h5 g5 12.f3 Bd7 13.Qd2 Qa5 14.Rb1 cxd5 15.cxd5 Na6 16.a3 Rfc8
17.Nb5 Qxd2+ 18.Kxd2 Bxb5 19.Bxb5 Nc5 20.Ne2 a6 21.Bd3 Nb3+ 22.Kd1 Nd7 23.Ng3
Ndc5 24.Ke2 Rc7 25.Nf5 Bf8 26.Bc2 a5 27.Bxb3 Nxb3 28.Kd3 Rac8 29.Rhd1 Rc2
30.Bd2 b5 31.Ne3 R2c7 32.g3 Rb7 33.Rg1 b4 34.axb4 axb4 35.Rg2 Nd4 36.f4 f6
37.fxg5 fxg5 38.Rf1 {#R} 0-1

[Event "It"]
[Site "masterchessopen.com Hawaii (USA)"]
[Round "0"]
[White "Mont-Reynaud Jordy (USA)"]
[Black "Au Leslie (USA)"]
[Result "1-0"]
[WhiteElo "2259"]
[BlackElo "2239"]

1.d4 Nf6 2.c4 g6 3.Nc3 Bg7 4.e4 d6 5.Be2 O-O 6.Bg5 h6 7.Be3 Na6 8.Qd2 Kh7 9.h4
c5 10.d5 e6 11.h5 g5 12.f4 exd5 13.fxg5 Nxe4 14.g6+ fxg6 15.hxg6+ Kg8 16.Qxd5+
Kh8 17.Bxh6 Ng3 18.Bf4+ Bh6 19.Rxh6+ Kg7 20.Rh7+ Kxg6 21.Rh6+ Kg7 22.Rxd6 Qh4
23.Qe5+ {#r} 1-0

[Event "It (open)"]
[Site "masterchessopen.com Linares (Spain)"]
[Round "4"]
[White "Petursson Margeir (ISL)"]
[Black "Markzon Gregory (USA)"]
[Result "1-0"]
[WhiteElo "2540"]
[BlackElo "2280"]

1.c4 g6 2.e4 Bg7 3.d4 d6 4.Nc3 Nf6 5.Be2 O-O 6.Bg5 h6 7.Be3 c5 8.dxc5 Qa5
9.Bd2 Qxc5 10.Nf3 Bg4 11.O-O Bxf3 12.Bxf3 Nc6 13.Be2 Qa5 14.Kh1 Rac8 15.Rb1
Qd8 16.b3 Nd7 17.Rc1 Nc5 18.f3 Kh7 19.Be3 b6 20.Qd2 Qd7 21.Rfd1 Rcd8 22.Rb1 f5
23.exf5 Qxf5 24.b4 Ne6 25.Nd5 Qf7 26.Re1 Ned4 27.Bd1 Nf5 28.Bf2 Ncd4 29.Bxd4
Nxd4 30.Rxe7 {#r} 1-0

[Event "It (open)"]
[Site "masterchessopen.com London (England)"]
[Round "7"]
[White "McMahon Daire (IRL)"]
[Black "Bates Richard (ENG)"]
[Result "0-1"]
[WhiteElo "2240"]
[BlackElo "2285"]

1.d4 Nf6 2.c4 g6 3.Nc3 Bg7 4.e4 d6 5.Be2 O-O 6.Bg5 h6 7.Be3 Nbd7 8.Qd2 c5 9.d5
Kh7 10.g4 b5 11.cxb5 a6 12.bxa6 Bxa6 13.f3 Qb6 14.Bxa6 Rxa6 15.Nh3 Ne5 16.Qe2
Qxb2 17.Qxb2 Nd3+ 18.Ke2 Nxb2 19.Rab1 Nc4 20.Rb7 Nxe3 21.Kxe3 Nxg4+ 22.fxg4
Bxc3 23.Rxe7 Ra3 {#R} 0-1

[Event "It (open)"]
[Site "masterchessopen.com Mar del Plata (Argentina)"]
[Round "5"]
[White "Sunye Neto Jaime (BRA)"]
[Black "Iglesias Alejandro (ARG)"]
[Result "1-0"]
[WhiteElo "2535"]
[BlackElo "2244"]

1.c4 g6 2.Nc3 Bg7 3.d4 d6 4.e4 Nf6 5.Be2 O-O 6.Bg5 h6 7.Be3 Nfd7 8.Qd2 Kh7
9.h4 e5 10.h5 g5 11.d5 c6 12.Bg4 Nb6 13.Bxc8 Qxc8 14.b3 cxd5 15.cxd5 Na6
16.Nge2 Qd7 17.O-O Rac8 18.Ng3 Nc5 19.Rfb1 Bf6 20.a4 a5 21.Nb5 Bd8 22.Ra2 Na8
23.Bxc5 dxc5 24.Rc2 g4 25.Nf5 Bg5 26.Qxa5 Rg8 27.Nbd6 Rb8 28.Qb5 {#r} 1-0

[Event "Olympiad"]
[Site "masterchessopen.com Moscow (Russia)"]
[Round "5"]
[White "Melas Renos (CYP)"]
[Black "Davila Carlos (NCA)"]
[Result "0-1"]
[WhiteElo "2115"]
[BlackElo "2280"]

1.d4 Nf6 2.c4 g6 3.Nc3 Bg7 4.e4 d6 5.Be2 O-O 6.Bg5 h6 7.Bf4 c5 8.d5 b5 9.cxb5
a6 10.a4 Qa5 11.Bd2 axb5 12.Bxb5 Ba6 13.Ra3 Nbd7 14.Nf3 Bxb5 15.Nxb5 Qb6
16.Qc2 Rfe8 17.O-O e6 18.dxe6 Rxe6 19.Re1 Rae8 20.Nc3 Qc6 21.a5 Nxe4 22.Nxe4
Rxe4 23.Rxe4 Rxe4 24.Bc3 Bf8 25.a6 Re8 26.Qa4 Qxa4 27.Rxa4 Nb6 28.Ra1 Ra8
29.Kf1 Be7 30.Ke2 Kf8 31.Kd3 Ke8 32.b4 cxb4 33.Bxb4 Kd7 34.Nd4 Nd5 35.Bd2 Bf6
36.Ra5 Nc7 37.Bxh6 Nxa6 38.Rb5 Nc5+ {#R} 0-1

[Event "Olympiad (w)"]
[Site "masterchessopen.com Moscow (Russia)"]
[Round "13"]
[White "Zaiatz Elena (RUS)"]
[Black "Safranska Anda (LAT)"]
[Result "1-0"]
[WhiteElo "2441"]
[BlackElo "2305"]

1.d4 Nf6 2.c4 g6 3.Nc3 Bg7 4.e4 d6 5.Be2 O-O 6.Bg5 h6 7.Be3 Nbd7 8.Qd2 c5 9.d5
Kh7 10.f4 a6 11.a4 Qa5 12.Ra3 Rb8 13.Nh3 Nb6 14.Nf2 Bd7 15.O-O Nc8 16.f5 Be8
17.Qc1 Qc7 18.e5 dxe5 19.Nce4 Nd6 20.Nxf6+ exf6 21.Bxh6 Bd7 22.Ng4 Rh8
23.fxg6+ fxg6 24.Nxf6+ Bxf6 25.Rxf6 Bf5 26.g4 Ne4 27.gxf5 Nxf6 28.fxg6+ Kg8
29.Rf3 Qd6 30.g7 Rh7 31.Qg5 Kf7 32.Bd3 e4 33.Bxe4 Rxh6 34.Qxh6 Rg8 35.Bg6+ Ke7
36.Re3+ Kd8 37.Bf7 {#r} 1-0

[Event "It (open)"]
[Site "masterchessopen.com Nyiregyhaza (Hungary)"]
[Round "0"]
[White "Krutti Valer (HUN)"]
[Black "Boros Daniel (HUN)"]
[Result "0-1"]
[WhiteElo "2359"]
[BlackElo "2260"]

1.d4 Nf6 2.c4 g6 3.Nc3 Bg7 4.e4 d6 5.Be2 O-O 6.Bg5 h6 7.Be3 e5 8.d5 c6 9.Qd2
Kh7 10.h4 Ng4 11.Bxg4 Bxg4 12.f3 Bd7 13.h5 g5 14.g4 a6 15.dxc6 Nxc6 16.Nge2
Be6 17.Nd5 b5 18.b3 bxc4 19.bxc4 Rc8 20.Rc1 Bxd5 21.cxd5 Nd4 22.Kf2 Qf6
23.Bxd4 exd4 24.Ng3 Rc3 25.Nf5 Rfc8 26.Rxc3 dxc3 27.Qc2 Rb8 28.Rb1 Qe5 29.Ke2
Rxb1 {#R} 0-1

[Event "It (open)"]
[Site "masterchessopen.com Polanica Zdroj (Poland)"]
[Round "0"]
[White "Ryskin Alexander (BLR)"]
[Black "Banasik Henryk (POL)"]
[Result "1-0"]
[WhiteElo "2515"]
[BlackElo "2118"]

1.d4 Nf6 2.c4 g6 3.Nc3 Bg7 4.e4 d6 5.Be2 O-O 6.Bg5 h6 7.Be3 e5 8.d5 Na6 9.Qd2
Kh7 10.f3 Nh5 11.Bd3 Qh4+ 12.Bf2 Qe7 13.Nge2 Nc5 14.Bc2 f5 15.O-O-O fxe4
16.Nxe4 Nxe4 17.Bxe4 Nf6 18.Bc2 Bd7 19.Nc3 a6 20.g4 Qf7 21.Be3 Ng8 22.Be4 Nf6
23.Bd3 e4 24.Nxe4 Nxe4 25.Bxe4 Rae8 26.Rhg1 Qf6 27.Bxh6 Qh4 28.Bxg7 {#r} 1-0

[Event "Ch Czech Chess Union (open)"]
[Site "masterchessopen.com Prague (Czech Republic)"]
[Round "7"]
[White "Cerny Martin (CZE)"]
[Black "Belaska Premysl (CZE)"]
[Result "1-0"]
[WhiteElo "2193"]
[BlackElo "2260"]

1.d4 Nf6 2.c4 g6 3.Nc3 Bg7 4.e4 d6 5.Be2 O-O 6.Bg5 h6 7.Be3 e5 8.d5 c6 9.Qd2
cxd5 10.cxd5 Kh7 11.h4 Ng4 12.Bxg4 Bxg4 13.f3 Bd7 14.h5 g5 15.g4 b5 16.Nge2 b4
17.Nd1 a5 18.O-O Qc8 19.Nf2 Bf6 20.Ng3 Qa6 21.Rfc1 Bd8 22.Nf5 Rg8 23.Rc2 Bb5
24.a4 bxa3 25.bxa3 Ba4 26.Rb2 Nd7 27.Qd3 Rf8 28.Rc1 Qxd3 29.Nxd3 Ra6 30.Rb7
Nb6 31.Nb2 Bb3 32.Rc6 {#r} 1-0

[Event "Ch Czech Republic (open)"]
[Site "masterchessopen.com Usti nad Labem (Czech Republic)"]
[Round "0"]
[White "Spacek Petr (CZE)"]
[Black "Jacek Martin (CZE)"]
[Result "1-0"]
[WhiteElo "2395"]
[BlackElo "2224"]

1.d4 Nf6 2.c4 g6 3.Nc3 Bg7 4.e4 d6 5.Be2 O-O 6.Bg5 h6 7.Be3 e5 8.d5 Nbd7 9.g4
Nc5 10.f3 a5 11.h4 Bd7 12.Nh3 Nh7 13.Nf2 f5 14.gxf5 gxf5 15.exf5 Bxf5 16.Nfe4
Nxe4 17.fxe4 Bg6 18.Bh5 Rf6 19.Bxg6 Rxg6 20.Qh5 Qe8 21.O-O-O Nf6 22.Qf5 Nd7
23.Rhg1 Rf6 24.Qh3 Qe7 25.Rdf1 Raf8 26.Rxf6 Rxf6 27.Ne2 Qf7 28.Ng3 Rf3 29.Qg2
Rxe3 30.Nf5 Nc5 31.Nxh6+ {#r} 1-0

[Event "It (open)"]
[Site "masterchessopen.com Zalakaros (Hungary)"]
[Round "0"]
[White "Sergienko Sergey (RUS)"]
[Black "Kosztolanczi Gyula (HUN)"]
[Result "1-0"]
[WhiteElo "2415"]
[BlackElo "2110"]

1.d4 Nf6 2.c4 g6 3.Nc3 Bg7 4.e4 d6 5.Be2 O-O 6.Bg5 h6 7.Be3 Nbd7 8.Qd2 c5 9.d5
Kh7 10.f3 Ne5 11.g4 e6 12.g5 Ng8 13.f4 exd5 14.Nxd5 Ng4 15.Bxg4 Bxg4 16.f5
gxf5 17.h3 f4 18.Nxf4 Bd7 19.O-O-O Qe8 20.gxh6 Bxh6 21.Nd5 Qxe4 22.Bxh6 Bf5
23.Nc3 Qxh1 24.Bxf8 Rxf8 25.Qf2 Kg6 26.Nf3 Qxh3 27.Nh4+ Kg5 28.Nxf5 Qxf5
29.Rd5 {#r} 1-0

[Event "Staatsliga B West 1995/96"]
[Site "masterchessopen.com Austria"]
[Round "0"]
[White "Fuerlinger Harald (AUT)"]
[Black "Erlacher Michael (AUT)"]
[Result "0-1"]
[WhiteElo "2056"]
[BlackElo "2183"]

1.d4 Nf6 2.c4 g6 3.Nc3 Bg7 4.e4 d6 5.Be2 O-O 6.Bg5 h6 7.Be3 e5 8.d5 Ne8 9.g4
f5 10.gxf5 gxf5 11.exf5 Bxf5 12.Qd2 Qf6 13.Nf3 Nd7 14.Rg1 Kh7 15.Bd3 Nc5
16.Bxf5+ Qxf5 17.Nh4 Nd3+ 18.Ke2 Nf4+ 19.Bxf4 Qxf4 20.Qxf4 Rxf4 21.Ng6 Rxc4
22.Rg2 Rd8 23.Rag1 Rd7 24.Nd1 Rc1 25.Kd2 Ra1 26.Ne3 Rxa2 {#R} 0-1

[Event "It (open) \"]
[Site "masterchessopen.com Berlin (Germany)"]
[Round "6"]
[White "Ivanov Sergey_ (RUS)"]
[Black "Velikhanli Firuza (AZE)"]
[Result "1-0"]
[WhiteElo "2545"]
[BlackElo "2355"]

1.d4 Nf6 2.c4 g6 3.Nc3 Bg7 4.e4 d6 5.Be2 O-O 6.Bg5 h6 7.Be3 e5 8.d5 Nbd7 9.Qd2
Kh7 10.g4 Nc5 11.f3 a5 12.O-O-O Ne8 13.h4 f5 14.exf5 gxf5 15.g5 f4 16.Bxc5
dxc5 17.Bd3+ Bf5 18.Bxf5+ Rxf5 19.Ne4 Nd6 20.Qc2 Nxe4 21.Qxe4 Qd7 22.Nh3 Rf8
23.gxh6 Bxh6 24.Rdg1 c6 25.Ng5+ Kh8 26.Ne6 R8f6 27.Rg4 Qh7 28.Rhg1 Rh5 29.Qe2
e4 30.Qg2 Qf7 31.Rg8+ Kh7 32.Nd8 exf3 33.Rh8+ {#r} 1-0

[Event "It (a) (cat.3)"]
[Site "masterchessopen.com Budapest (Hungary)"]
[Round "8"]
[White "Hedman Erik (SWE)"]
[Black "Held Markus (GER)"]
[Result "1-0"]
[WhiteElo "2320"]
[BlackElo "2210"]

1.d4 Nf6 2.c4 g6 3.Nc3 Bg7 4.e4 d6 5.Be2 O-O 6.Bg5 h6 7.Be3 e5 8.d5 c6 9.Qd2
h5 10.f3 a5 11.h4 a4 12.Nh3 Qa5 13.Nf2 Na6 14.Nd3 Bd7 15.O-O cxd5 16.cxd5 Rfc8
17.Rfc1 b5 18.b4 Nxb4 19.Nxb4 Qxb4 20.Nxb5 Rxc1+ 21.Rxc1 Qxd2 22.Bxd2 Rb8
23.Rb1 Ne8 24.Rb4 Ra8 25.a3 Bf6 26.Bg5 Bxg5 27.hxg5 Kf8 28.Nc3 Ke7 29.Rb7 Kd8
30.Bb5 Nc7 31.Bxd7 Kxd7 32.Nb5 Rc8 33.g3 {#r} 1-0

[Event "Czech League 1994/95 (1st)"]
[Site "masterchessopen.com Czech Republic"]
[Round "8"]
[White "Krouzel Jaroslav (CZE)"]
[Black "Pletanek Jan (CZE)"]
[Result "0-1"]
[WhiteElo "2240"]
[BlackElo "2275"]

1.d4 Nf6 2.c4 g6 3.Nc3 Bg7 4.e4 d6 5.Be2 O-O 6.Bg5 h6 7.Bf4 Nc6 8.d5 e5 9.Be3
Nd4 10.f3 c5 11.dxc6 bxc6 12.Qd2 d5 13.Bd3 Be6 14.Rd1 dxe4 15.Nxe4 Nxe4
16.Bxe4 Bxc4 17.b3 Ba6 18.Nh3 Qe7 19.Nf2 Rad8 20.Qa5 Qb7 21.Qc3 f5 22.Bd3 Kh7
23.O-O Bxd3 24.Qxd3 Nxf3+ 25.gxf3 Rxd3 26.Rxd3 e4 27.Rd6 exf3 28.Rfd1 Rf7
29.Nh3 Qe7 30.Kf2 Qh4+ {#R} 0-1

[Event "It \"]
[Site "masterchessopen.com Gausdal (Norway)"]
[Round "9"]
[White "Martin Andrew D (ENG)"]
[Black "Burgess Graham (ENG)"]
[Result "1-0"]
[WhiteElo "2420"]
[BlackElo "2280"]

1.d4 Nf6 2.c4 g6 3.Nc3 Bg7 4.e4 d6 5.Be2 O-O 6.Bg5 h6 7.Be3 c5 8.d5 e6 9.Qd2
exd5 10.exd5 Kh7 11.h3 Re8 12.Nf3 Bf5 13.O-O Nbd7 14.g4 Ne4 15.Qc1 Nxc3
16.bxc3 Be4 17.Nd2 Qh4 18.Nxe4 Rxe4 19.Kg2 Rae8 20.Rb1 b6 21.Qc2 f5 22.Bf3
Rxc4 23.gxf5 Rxc3 24.fxg6+ Kh8 25.Qf5 Ne5 26.Bg4 Rf8 27.Qe6 Rf6 28.Qc8+ Rf8
29.Qe6 Nc4 30.Rbe1 Be5 31.Qd7 Bg7 32.Bf4 h5 33.Re8 Qf6 34.Rxf8+ Qxf8 35.Re1
Ne3+ 36.Bxe3 hxg4 37.hxg4 {#r} 1-0

[Event "Bayern Landesliga South 1994/95"]
[Site "masterchessopen.com Germany"]
[Round "0"]
[White "Schuster Karsten (GER)"]
[Black "Eitel Harald (GER)"]
[Result "1-0"]
[WhiteElo "2246"]
[BlackElo "2253"]

1.d4 Nf6 2.c4 g6 3.Nc3 Bg7 4.e4 d6 5.Be2 O-O 6.Bg5 h6 7.Be3 e5 8.d5 Ne8 9.Qd2
Kh7 10.Bd3 c6 11.Nge2 Nd7 12.f3 a5 13.h4 a4 14.Bc2 Nb6 15.Bd3 Bd7 16.h5 g5
17.g4 Kh8 18.Ng3 cxd5 19.cxd5 Rc8 20.b3 Rxc3 21.Qxc3 Nxd5 22.exd5 e4 23.Bd4
exd3 24.O-O f5 25.Qxd3 Qa5 26.Bxg7+ Nxg7 27.Qd4 Kg8 28.b4 Qb5 29.Rae1 Rf7
30.Rf2 Ne8 31.Rxe8+ Bxe8 32.Nxf5 Rc7 33.Nxh6+ Kh7 34.Nf5 a3 35.Nxd6 Rc1+
36.Kg2 Qd7 37.Qe4+ Kh6 38.Nxe8 {#r} 1-0

[Event "Bayern Landesliga South 1994/95"]
[Site "masterchessopen.com Germany"]
[Round "0"]
[White "Schuster Karsten (GER)"]
[Black "Pflug Matthias (GER)"]
[Result "1-0"]
[WhiteElo "2246"]
[BlackElo "2288"]

1.d4 Nf6 2.c4 g6 3.Nc3 Bg7 4.e4 d6 5.Be2 O-O 6.Bg5 h6 7.Be3 e5 8.d5 a5 9.Qd2
Kh7 10.f3 Nh5 11.Bd3 Qh4+ 12.g3 Qe7 13.Nge2 f5 14.O-O-O Qf7 15.Rdg1 f4 16.gxf4
Nxf4 17.Bxf4 exf4 18.e5 Bf5 19.e6 Qf6 20.Rg2 Bh8 21.Rhg1 Rg8 22.Bxf5 Qxf5
23.Nxf4 Be5 24.Nxg6 {#r} 1-0

[Event "Bundesliga 1994/95"]
[Site "masterchessopen.com Germany"]
[Round "3"]
[White "Mohr Stefan (GER)"]
[Black "Reschke Stefan (GER)"]
[Result "1-0"]
[WhiteElo "2440"]
[BlackElo "2380"]

1.d4 Nf6 2.c4 g6 3.Nc3 Bg7 4.e4 d6 5.Be2 O-O 6.Bg5 h6 7.Be3 e5 8.d5 Na6 9.Qd2
Kh7 10.f3 Ng8 11.h4 Bf6 12.h5 Bh4+ 13.Kf1 gxh5 14.Bd3 Kg7 15.Nge2 f5 16.exf5
Bxf5 17.Bxf5 Rxf5 18.Ne4 Rf7 19.Kg1 Kg6 20.Rf1 Qe7 21.Qc2 Kg7 22.g3 Bf6
23.Rxh5 Nc5 24.Bxc5 dxc5 25.Kg2 Kf8 26.g4 b6 27.N2g3 Qd7 28.Rfh1 Re8 29.Nf5
Bg7 30.Qd2 a5 31.Nxh6 Bxh6 32.Rxh6 Rf4 33.Rh8 Qg7 34.Qd3 Re7 35.R1h7 Qxh7
36.Rxh7 Rxh7 37.Ng5 {#r} 1-0

[Event "Ch Germany (seniors)"]
[Site "masterchessopen.com Germany"]
[Round "0"]
[White "Krueger Erich (GER)"]
[Black "Scheipl Ralf (GER)"]
[Result "0-1"]
[WhiteElo "2195"]
[BlackElo "2270"]

1.d4 Nf6 2.c4 g6 3.Nc3 Bg7 4.e4 d6 5.Be2 O-O 6.Bg5 h6 7.Be3 e5 8.d5 Nbd7 9.Qd2
Kh7 10.g4 Nc5 11.f3 a5 12.h4 Ng8 13.O-O-O a4 14.Nh3 f6 15.f4 exf4 16.Nxf4 Ne7
17.h5 g5 18.Bxc5 dxc5 19.Ng2 a3 20.b3 Qd6 21.Ne3 Bd7 22.Bd3 Qe5 23.Nf5 Nxf5
24.exf5 Rfe8 25.Rde1 Qd4 26.Be4 Re5 27.Re2 Rae8 28.Rhe1 Bf8 29.Qc2 R5e7 30.Kb1
Qe5 31.Bd3 Qd4 32.Be4 Kg7 33.Qd3 Rxe4 34.Qxe4 Rxe4 35.Nxe4 b5 36.Rd2 Qe5
37.Ree2 Qf4 {#R} 0-1

[Event "It (open)"]
[Site "masterchessopen.com Hachenburg (Germany)"]
[Round "0"]
[White "Michels Holger"]
[Black "Balcerak Philipp (GER)"]
[Result "1-0"]
[WhiteElo "1675"]
[BlackElo "2331"]

1.d4 Nf6 2.c4 g6 3.Nc3 Bg7 4.e4 d6 5.Be2 O-O 6.Bg5 h6 7.Be3 e5 8.Nf3 c6 9.O-O
Re8 10.Qd2 Kh7 11.h3 Nbd7 12.d5 c5 13.Bd3 a6 14.Nh2 Rf8 15.f4 exf4 16.Rxf4 Ne5
17.Raf1 Nh5 18.R4f2 Ng3 19.Re1 Qh4 20.Nf3 Nxf3+ 21.Rxf3 Nh5 22.Ref1 Ng3 23.Qf2
Be5 24.Bf4 Bd4 25.Be3 Bxe3 26.Rxe3 Nxf1 27.Qxh4 Nxe3 28.Qf4 Nxc4 29.Bxc4 b5
30.Qxd6 Kg8 31.Be2 c4 32.Qc6 Ra7 33.e5 Rd7 34.e6 fxe6 35.Bg4 Re7 36.Bxe6+ Bxe6
37.dxe6 Rf6 {#r} 1-0